000
00271nam a2200109 a 4500
008
120207s2008|||| d
100
1
_a
Ďurišová, Elena
245
1
0
_a
Ženské bolesti chrbtice
260
_b
AKU- HOMEO
_a
Hlohovec
_c
2008
020
_c
Dar
044
_a
xo
_c
SK
999
_c
18381
_d
18381